000
00340 a2200157 4500
001
154908
040
_c
Escola São Tomás de Aquino
100
_a
SALVADOR, Edgard
240
1
0
_a
Química , volume 2
_l
por
245
1
0
_a
Química , volume 2
300
_a
676
362
0
_a
2009
440
1
_a
Saraiva
697
_a
QUÍMICA
942
_c
BK
999
_c
154908
_d
154908